Sports Quiz

Random Sports or WWE Quiz

Stone Cold Stunned Quiz Stats

Quiz not verified by Sporcle

Challenge
Share
Tweet
Embed
Score 0/96 Timer 10:00
0 Plays Today
List of Those Stunned % Correct
The Rock
93.8%
Vince McMahon
90.9%
Triple H
90.4%
Shane McMahon
89.9%
Kane
89.5%
The Undertaker
89.4%
Stephanie McMahon
89%
Linda McMahon
86.1%
Shawn Michaels
81.5%
Bret Hart
80.1%
Owen Hart
78.6%
Kurt Angle
76%
Chris Jericho
75.8%
The Big Show
75.1%
Edge
74.8%
Brock Lesnar
73.8%
Christian
71.9%
Mick Foley
71.4%
John Bradshaw Layfield
71.2%
Jeff Hardy
70.3%
Booker T
69.3%
Chris Benoit
66.9%
X-Pac
66.9%
Randy Orton
65.7%
Goldberg
65.7%
Henry O. Godwinn
64.8%
Bubba Ray Dudley
63.8%
D'Von Dudley
63.8%
Spike Dudley
63.1%
Ric Flair
61.6%
John Cena
61.6%
Chyna
59.9%
List of Those Stunned % Correct
Scott Hall
59%
Eddie Guerrero
58.8%
Kevin Nash
58.7%
Batista
58.1%
Hulk Hogan
57.7%
Test
57.1%
Goldust
56.8%
Jerry 'The King' Lawler
56.1%
Rob Van Dam
55.6%
Rikishi
54.5%
Savio Vega
53.8%
Jim Ross
52.3%
D'Lo Brown
52%
Mark Henry
51.5%
The Big Boss Man
50.3%
Faarooq
50.3%
Road Dogg
49.7%
Ken Shamrock
48.9%
Michael Cole
47.7%
Val Venis
46%
Hardcore Holly
42.9%
Al Snow
42.5%
The British Bulldog
40.7%
William Regal
40.3%
Tazz
39.8%
Jim Neidhart
38.3%
Jeff Jarrett
37.6%
Vader
37%
Eric Bischoff
36.7%
The Miz
35.2%
Ahmed Johnson
34.8%
Pat Patterson
33.3%
List of Those Stunned % Correct
Phineas I. Godwinn
32.2%
Gerald Brisco
32.1%
Marc Mero
30.4%
'Rowdy' Roddy Piper
30.2%
Sheamus
28%
Lance Storm
26.4%
Xavier Woods
25.6%
Steve Blackman
25.6%
Rusev
24.3%
Wade Barrett
24.3%
Jake 'The Snake' Roberts
22.8%
Kama Mustafa
22.1%
Donald Trump
21.6%
Stevie Richards
21.1%
Mosh
20.6%
Thrasher
20.2%
Carlito
19.6%
Jonathan Coachman
19%
Jack Swagger
17%
Santino Marella
16.8%
Bull Buchanan
16.1%
Mr. Perfect
15.4%
CM Punk
15.3%
Arn Anderson
14.4%
Funaki
13.2%
MVP
12.8%
Sgt. Slaughter
9.6%
Santa Claus
9.3%
Dean Douglas
5.3%
Lilian Garcia
3.6%
Will Sasso
2.9%
Hillbilly Jim
0.7%

You're not logged in!

Compare scores with friends on all Sporcle quizzes.
Sign Up with Email
OR
Log In

You Might Also Like...

Show Comments

Extras

Top Quizzes Today


Score Distribution

Your Account Isn't Verified!

In order to create a playlist on Sporcle, you need to verify the email address you used during registration. Go to your Sporcle Settings to finish the process.